|
|
|
|
| LEADER |
01144nta a2200253 i 4500 |
| 001 |
dokt10865 |
| 005 |
20220404131753.0 |
| 008 |
210426s2021 hu om 0|| eng d |
| 024 |
7 |
|
|a 10.14232/phd.10865
|2 doi
|
| 024 |
7 |
|
|a 32477909
|2 mtmt
|
| 040 |
|
|
|a SZTE Doktori Repozitórium
|b hun
|
| 041 |
|
|
|a eng
|
| 100 |
1 |
|
|a Butt Edina
|
| 245 |
1 |
0 |
|a Pathomechanism and therapeutic possibilities of arthritis
|h [elektronikus dokumentum] /
|c Butt Edina
|
| 246 |
1 |
0 |
|a Az ízületi gyulladás pathomechanizmusának feltárása és terápiás lehetőségei
|h [elektronikus dokumentum]
|
| 260 |
|
|
|c 2021-05-14
|
| 502 |
|
|
|a Disszertacio
|
| 650 |
|
4 |
|a klinikai orvostudományok
|
| 650 |
|
4 |
|a Traumatológia
|
| 700 |
0 |
1 |
|a Varga Endre
|e ths
|
| 700 |
0 |
1 |
|a Hartmann Petra
|e ths
|
| 856 |
4 |
0 |
|u https://doktori.bibl.u-szeged.hu/id/eprint/10865/1/Butt_Edina_Te%CC%81zis_2021.pdf
|z Dokumentum-elérés
|
| 856 |
4 |
0 |
|u https://doktori.bibl.u-szeged.hu/id/eprint/10865/11/Angol_t%C3%A9zisf%C3%BCzet_Butt_Edina_2021.doc.pdf
|z Dokumentum-elérés
|
| 856 |
4 |
0 |
|u https://doktori.bibl.u-szeged.hu/id/eprint/10865/12/magyar_t%C3%A9zisf%C3%BCzet_Butt_Edina_2021.doc.pdf
|z Dokumentum-elérés
|